| 000 | 01435nam a2200349 a 4500 | ||
|---|---|---|---|
| 001 | ebr10254968 | ||
| 003 | CaPaEBR | ||
| 006 | m u | ||
| 007 | cr cn||||||||| | ||
| 008 | 040802s2004 ne a sb 001 0deng | ||
| 010 | _z 2004057693 | ||
| 020 | _z1588115747 (US : hb : alk. paper) | ||
| 020 | _z9027222886 (Amsterdam : hd. bd.) | ||
| 040 |
_aCaPaEBR _cCaPaEBR |
||
| 035 | _a(OCoLC)614556473 | ||
| 050 | 1 | 4 |
_aP53.28 _b.C68 2004eb |
| 082 | 0 | 4 |
_a418/.0285 _222 |
| 245 | 0 | 0 |
_aCorpora and language learners _h[electronic resource] / _cedited by Guy Aston, Silvia Bernardini, Dominic Stewart. |
| 260 |
_aAmsterdam ; _aPhiladelphia : _bJohn Benjamins Pub., _cc2004. |
||
| 300 |
_avi, 311 p. : _bill. |
||
| 490 | 1 |
_aStudies in corpus linguistics, _x1388-0373 ; _vv. 17 |
|
| 504 | _aIncludes bibliographical references and index. | ||
| 533 |
_aElectronic reproduction. _bPalo Alto, Calif. : _cebrary, _d2013. _nAvailable via World Wide Web. _nAccess may be limited to ebrary affiliated libraries. |
||
| 650 | 0 |
_aLanguage and languages _xComputer-assisted instruction. |
|
| 655 | 7 |
_aElectronic books. _2local |
|
| 700 | 1 | _aAston, Guy. | |
| 700 | 1 | _aBernardini, Silvia. | |
| 700 | 1 | _aStewart, Dominic. | |
| 710 | 2 | _aebrary, Inc. | |
| 830 | 0 |
_aStudies in corpus linguistics ; _vv. 17. |
|
| 856 | 4 | 0 |
_uhttp://site.ebrary.com/lib/rucke/Doc?id=10254968 _zAn electronic book accessible through the World Wide Web; click to view |
| 999 |
_c14724 _d14724 |
||